[Event "37Chess Olympiad 2006 general"]
[Site "Turin, Italia"]
[Date "2006.05.21"]
[Round "1"]
[Board "2"]
[White "Salov, Sergey"]
[Black "Gagunashvili, Merab"]
[Result "0-1"]
[WhiteElo "2293"]
[BlackElo "2560"]
[PlyCount "88"]
[EventDate "2006.05.21"]
[EventType "team"]
[EventRounds "13"]
[EventCountry "AUT"]
[WhiteTeam "ICSC"]
[BlackTeam "Georgia"]

1.e4 d5 2.exd5 Qxd5 3.Nc3 Qa5 4.d4 Nf6 5.Bc4 Bg4 6.f3 Bf5 7.Nge2 c6 8.g4 Bd7
9.Bd2 e6 10.g5 Nh5 11.Ne4 Qc7 12.N4g3 Nxg3 13.hxg3 c5 14.Bf4 Bd6 15.Bxd6 Qxd6
16.dxc5 Qxc5 17.Qd4 Qxg5 18.f4 Qf6 19.Qxf6 gxf6 20.Rh6 Kf8 21.Kf2 f5 22.Rah1 Kg7
23.R6h4 Bc6 24.R1h3 Nd7 25.g4 fxg4 26.Rxg4+ Kf8 27.Rh6 Be4 28.Nd4 Rc8 29.Bxe6
fxe6 30.Nxe6+ Ke8 31.f5 Rxc2+ 32.Ke3 Bd5 33.Rg7 Bxe6 34.Rxe6+ Kd8 35.Rd6 Rc7
36.f6 h5 37.Kf2 h4 38.Kg2 h3+ 39.Kh2 Kc8 40.f7 Rc2+ 41.Kh1 Rg2 42.Rxd7 Rxg7
43.f8=Q+ Rxf8 44.Rxg7 Rf2

[Event "37Chess Olympiad 2006 general"]
[Site "Turin, Italia"]
[Date "2006.05.21"]
[Round "1"]
[Board "4"]
[White "Nikolaidis, Ioannis"]
[Black "Chinvasyawong, Pravit"]
[Result "1-0"]
[WhiteElo "2518"]
[BlackElo "2165"]
[PlyCount "55"]
[EventDate "2006.05.21"]
[EventType "team"]
[EventRounds "13"]
[EventCountry "AUT"]
[WhiteTeam "Greece"]
[BlackTeam "Thailand"]

1.d4 Nf6 2.c4 e6 3.Nc3 Bb4 4.Qc2 Nc6 5.e3 d6 6.Bd3 Qe7 7.Nge2 e5 8.O-O Bxc3
9.Qxc3 e4 10.Bc2 a5 11.Ng3 O-O 12.f3 exf3 13.Rxf3 Bg4 14.Rf4 h5 15.Bd2 d5
16.Raf1 h4 17.Rxg4 Nxg4 18.Nf5 Qd8 19.cxd5 Nb4 20.e4 Nxc2 21.Qxc2 g6 22.Qd1 gxf5
23.Rxf5 Nxh2 24.Rg5+ Qxg5 25.Bxg5 f5 26.Kxh2 fxe4 27.Qg4 Rf7 28.Bf6+

[Event "37Chess Olympiad 2006 general"]
[Site "Turin, Italia"]
[Date "2006.05.21"]
[Round "1"]
[Board "1"]
[White "Georgiev, Vladimir"]
[Black "Corke, Anya"]
[Result "1/2-1/2"]
[WhiteElo "2535"]
[BlackElo "2203"]
[PlyCount "71"]
[EventDate "2006.05.21"]
[EventType "team"]
[EventRounds "13"]
[EventCountry "AUT"]
[WhiteTeam "FYROM"]
[BlackTeam "Hong Kong"]

1.c4 Nf6 2.Nc3 e6 3.d4 Bb4 4.e3 c5 5.Bd3 cxd4 6.exd4 d5 7.cxd5 Nxd5 8.Nge2 O-O
9.O-O Nc6 10.Nxd5 Qxd5 11.Be3 e5 12.a3 Ba5 13.Qc2 Nxd4 14.Nxd4 exd4 15.Bxh7+ Kh8
16.Rad1 Qh5 17.Bxd4 Qxh7 18.Qc5 Bg4 19.Qxa5 Bxd1 20.Rxd1 b6 21.Qa4 Rfd8 22.Re1
b5 23.Qb4 Re8 24.Be3 Qd3 25.h3 a5 26.Qg4 Rad8 27.Kh2 Qd7 28.Qg3 Rc8 29.Re2 Qc7
30.Bf4 Qc6 31.Rd2 Re6 32.f3 Rce8 33.Bc7 Rg6 34.Qh4+ Rh6 35.Qg3 Rg6 36.Qh4+

[Event "37Chess Olympiad 2006 general"]
[Site "Turin, Italia"]
[Date "2006.05.22"]
[Round "2"]
[Board "4"]
[White "Rublevskiy, Sergey"]
[Black "Meijers, Viesturs"]
[Result "1-0"]
[WhiteElo "2687"]
[BlackElo "2482"]
[PlyCount "97"]
[EventDate "2006.05.21"]
[EventType "team"]
[EventRounds "13"]
[EventCountry "AUT"]
[WhiteTeam "Russia"]
[BlackTeam "Latvia"]

1.e4 c5 2.Nf3 e6 3.c3 d5 4.exd5 exd5 5.d4 Nc6 6.Bb5 Bd6 7.dxc5 Bxc5 8.O-O Nge7
9.Nbd2 O-O 10.Nb3 Bb6 11.Re1 Bg4 12.h3 Bh5 13.Be3 Re8 14.Bxb6 Qxb6 15.Be2 f6
16.Qd2 Bf7 17.Rad1 Ng6 18.Nbd4 Nxd4 19.Nxd4 Re5 20.Bd3 Rxe1+ 21.Rxe1 Ne5 22.Re3
g6 23.Be2 Re8 24.b3 a6 25.Bf3 Kg7 26.g3 Qc5 27.Bg2 Re7 28.Kh2 h5 29.Qe2 Kh7
30.a4 Qd6 31.f4 Nc6 32.Nxc6 Rxe3 33.Qxe3 bxc6 34.b4 h4 35.gxh4 a5 36.Qd4 Kg7
37.Kg3 Qd8 38.Bf3 Qa8 39.Bd1 Qa6 40.Kf2 Be6 41.Qe3 Kf7 42.h5 Bf5 43.h6 Be4
44.Be2 Qa8 45.Qb6 axb4 46.cxb4 g5 47.Qc7+ Kg6 48.Qg7+ Kf5 49.Bg4+

[Event "37Chess Olympiad 2006 general"]
[Site "Turin, Italia"]
[Date "2006.05.22"]
[Round "2"]
[Board "3"]
[White "Goh, Koon Jong Jason"]
[Black "Butnorius, Algimantas"]
[Result "1/2-1/2"]
[WhiteElo "2386"]
[BlackElo "2392"]
[PlyCount "44"]
[EventDate "2006.05.21"]
[EventType "team"]
[EventRounds "13"]
[EventCountry "AUT"]
[WhiteTeam "Singapore"]
[BlackTeam "Lithuania"]

1.d4 Nf6 2.c4 e6 3.Nc3 Bb4 4.e3 O-O 5.Nge2 d5 6.a3 Be7 7.Ng3 c5 8.dxc5 dxc4
9.Qc2 Nbd7 10.Bxc4 Nxc5 11.O-O a6 12.Rd1 Qc7 13.b4 Ncd7 14.Bb3 Nb6 15.Bb2 Bd7
16.Rac1 Rac8 17.Qe2 Qb8 18.Nce4 Rxc1 19.Rxc1 Nbd5 20.Nc5 Bb5 21.Qe1 Rc8 22.Bd4
b6

[Event "37Chess Olympiad 2006 general"]
[Site "Turin, Italia"]
[Date "2006.05.22"]
[Round "2"]
[Board "4"]
[White "Gulbas, Cemil"]
[Black "Lima, Darcy"]
[Result "1/2-1/2"]
[WhiteElo "2362"]
[BlackElo "2489"]
[PlyCount "89"]
[EventDate "2006.05.21"]
[EventType "team"]
[EventRounds "13"]
[EventCountry "AUT"]
[WhiteTeam "Belgium"]
[BlackTeam "Brazil"]

1.e4 c5 2.Nf3 e6 3.d4 cxd4 4.Nxd4 a6 5.Nc3 b5 6.Bd3 Bb7 7.O-O d6 8.Qe2 Nd7 9.a4
b4 10.Na2 a5 11.c3 bxc3 12.Nxc3 Ngf6 13.f4 Be7 14.e5 dxe5 15.fxe5 Nd5 16.Qg4 Qb6
17.Bb5 f5 18.exf6 N5xf6 19.Rxf6 Bxf6 20.Be3 O-O 21.Re1 Ne5 22.Qh3 Bg5 23.Qxe6+
Qxe6 24.Nxe6 Bxe3+ 25.Rxe3 Rf5 26.Rg3 g6 27.Nd4 Rf4 28.Nde2 Rg4 29.Rxg4 Nxg4
30.h3 Ne3 31.g4 Rf8 32.Nd4 Rf4 33.Nb3 Bg2 34.Nxa5 Bxh3 35.Nc6 Nxg4 36.Be2 Rf2
37.a5 Rg2+ 38.Kf1 Ne5 39.Nxe5 Rg5+ 40.Kf2 Rxe5 41.b4 Bc8 42.b5 Kf8 43.a6 Ke7
44.Bf3 Rxb5 45.Nxb5

[Event "37Chess Olympiad 2006 general"]
[Site "Turin, Italia"]
[Date "2006.05.22"]
[Round "2"]
[Board "4"]
[White "Arbouche, Muhamed"]
[Black "Akobian, Varuzhan"]
[Result "0-1"]
[WhiteElo "2248"]
[BlackElo "2575"]
[PlyCount "58"]
[EventDate "2006.05.21"]
[EventType "team"]
[EventRounds "13"]
[EventCountry "AUT"]
[WhiteTeam "Morocco"]
[BlackTeam "USA"]

1.d4 Nf6 2.Bg5 Ne4 3.h4 c5 4.dxc5 Qa5+ 5.Nd2 Nxg5 6.hxg5 g6 7.Ngf3 Bg7 8.c3 Qxc5
9.e3 Nc6 10.Bd3 d5 11.e4 Be6 12.Qa4 a6 13.Nb3 Qd6 14.O-O-O Bd7 15.Nbd2 d4 16.c4
Nb4 17.Qa3 a5 18.Kb1 e5 19.Rh4 h5 20.gxh6 Rxh6 21.c5 Qxc5 22.Rc1 Qe7 23.Rxh6
Bxh6 24.Rc7 Bxd2 25.Bb5 Bxb5 26.Rxe7+ Kxe7 27.Nxd2 Rc8 28.b3 Bd3+ 29.Ka1 Rc5

[Event "37Chess Olympiad 2006 general"]
[Site "Turin, Italia"]
[Date "2006.05.22"]
[Round "2"]
[Board "4"]
[White "Cilia Vincenti, David"]
[Black "Hernandez, Alexander"]
[Result "0-1"]
[WhiteElo "2129"]
[BlackElo "2287"]
[PlyCount "64"]
[EventDate "2006.05.21"]
[EventType "team"]
[EventRounds "13"]
[EventCountry "AUT"]
[WhiteTeam "Malta"]
[BlackTeam "Venezuela"]

1.d4 Nf6 2.c4 e6 3.Nc3 Bb4 4.f3 c5 5.d5 O-O 6.e4 exd5 7.cxd5 d6 8.Bd3 Nbd7
9.Nge2 Ne5 10.Be3 a6 11.O-O Ba5 12.a4 Bb6 13.Qd2 Bd7 14.Kh1 c4 15.Bc2 Bxe3
16.Qxe3 Qa5 17.h3 Rfe8 18.f4 Ng6 19.Qd4 Rac8 20.Ng3 Qc5 21.Qxc5 Rxc5 22.a5 h5
23.Nge2 h4 24.Kh2 Nh5 25.g4 hxg3+ 26.Nxg3 Ngxf4 27.Nxh5 Nxh5 28.Rf3 Re5 29.Nd1
f5 30.exf5 Rcxd5 31.Nf2 Rd2 32.Ba4 Bxf5

[Event "37Chess Olympiad 2006 general"]
[Site "Turin, Italia"]
[Date "2006.05.22"]
[Round "2"]
[Board "2"]
[White "Pitterson, Jomo"]
[Black "Song, Jinwoo"]
[Result "1-0"]
[WhiteElo "2221"]
[BlackElo "1962"]
[PlyCount "95"]
[EventDate "2006.05.21"]
[EventType "team"]
[EventRounds "13"]
[EventCountry "AUT"]
[WhiteTeam "Jamaica"]
[BlackTeam "South Korea"]

1.d4 Nf6 2.c4 e5 3.dxe5 Ng4 4.Bf4 Bb4+ 5.Nd2 Nc6 6.Ngf3 Qe7 7.a3 Ngxe5 8.Nxe5
Nxe5 9.e3 Bd6 10.Ne4 Nxc4 11.Nxd6+ Nxd6 12.Bxd6 Qxd6 13.Qxd6 cxd6 14.Be2 b6
15.O-O Bb7 16.Rfd1 Ke7 17.Rd2 Rac8 18.Rad1 Rhd8 19.h3 Rc5 20.Rxd6 Rc2 21.Bg4 Bc6
22.R6d2 Rxd2 23.Rxd2 Re8 24.Be2 Kd8 25.b4 Re5 26.Bc4 Ke7 27.Kf1 a5 28.Rd4 h6
29.g3 axb4 30.axb4 Bb5 31.Bxb5 Rxb5 32.Ke2 Ke6 33.Kd3 Rd5 34.e4 Rxd4+ 35.Kxd4
Kd6 36.f4 Kc6 37.Kc4 f6 38.e5 fxe5 39.fxe5 d6 40.e6 d5+ 41.Kd4 Kd6 42.e7 Kxe7
43.Kxd5 Kd7 44.g4 g6 45.h4 g5 46.hxg5 hxg5 47.b5 Ke7 48.Ke4

[Event "37Chess Olympiad 2006 general"]
[Site "Turin, Italia"]
[Date "2006.05.22"]
[Round "2"]
[Board "3"]
[White "Kassis, Antoine"]
[Black "Grassi, Enrico"]
[Result "1/2-1/2"]
[WhiteElo "2208"]
[BlackElo "2065"]
[PlyCount "73"]
[EventDate "2006.05.21"]
[EventType "team"]
[EventRounds "13"]
[EventCountry "AUT"]
[WhiteTeam "Lebanon"]
[BlackTeam "San Marino"]

1.e4 d5 2.exd5 Qxd5 3.Nc3 Qa5 4.d4 Nf6 5.Bc4 Bf5 6.Nge2 e6 7.O-O Bb4 8.Bd2 c6
9.Ng3 Bg6 10.a3 Bxc3 11.Bxc3 Qc7 12.f4 O-O 13.f5 exf5 14.Nxf5 Ne4 15.Qf3 Nxc3
16.Qxc3 Bxf5 17.Rxf5 Nd7 18.Raf1 Nf6 19.Qf3 Qd6 20.c3 Rad8 21.Qh3 Nd5 22.Bxd5
cxd5 23.Qf3 f6 24.h4 Rfe8 25.h5 h6 26.Qg4 Re6 27.c4 dxc4 28.R5f4 Kh8 29.Qg6 Qe7
30.Qc2 b5 31.Qf5 a6 32.a4 Qd7 33.axb5 axb5 34.Ra1 Rd6 35.Qxd7 R6xd7 36.Rd1 Rd5
37.g4

[Event "37Chess Olympiad 2006 general"]
[Site "Turin, Italia"]
[Date "2006.05.23"]
[Round "3"]
[Board "2"]
[White "Bellini, Fabio"]
[Black "Shytaj, Luca"]
[Result "0-1"]
[WhiteElo "2499"]
[BlackElo "2433"]
[PlyCount "102"]
[EventDate "2006.05.21"]
[EventType "team"]
[EventRounds "13"]
[EventCountry "AUT"]
[WhiteTeam "Italy A"]
[BlackTeam "Albania"]

1.e4 c5 2.Nf3 d6 3.Bb5+ Nd7 4.c3 Ngf6 5.Qe2 a6 6.Ba4 b5 7.Bc2 e5 8.O-O Be7 9.d4
O-O 10.Rd1 Qc7 11.a4 Bb7 12.dxe5 dxe5 13.axb5 axb5 14.Rxa8 Rxa8 15.Na3 b4 16.Nc4
h6 17.Bd3 Ra2 18.Nfd2 Bf8 19.h3 Bc6 20.Bb1 Ra8 21.Ne3 bxc3 22.bxc3 Qb7 23.Nec4
Be7 24.Bd3 Ra2 25.Re1 Bf8 26.Qf3 Ra4 27.Bc2 Ra2 28.Qd1 Ra7 29.Qf3 Ra2 30.Bb1 Ra4
31.Kh2 Rxc4 32.Nxc4 Qxb1 33.Nd2 Qc2 34.c4 Nb6 35.Qg3 Nxc4 36.Nxc4 Qxc4 37.Bxh6
Nxe4 38.Qg4 Nd6 39.f4 Qe6 40.Qxe6 fxe6 41.Bg5 Ne4 42.h4 Bd6 43.g3 exf4 44.Bxf4
Bxf4 45.gxf4 c4 46.Kh3 c3 47.Kg4 c2 48.Rc1 Ba4 49.f5 exf5+ 50.Kxf5 Ng3+ 51.Kg5
Ne2

[Event "37Chess Olympiad 2006 general"]
[Site "Turin, Italia"]
[Date "2006.05.23"]
[Round "3"]
[Board "3"]
[White "Sutovsky, Emil"]
[Black "Pacheco, Marco"]
[Result "0-1"]
[WhiteElo "2628"]
[BlackElo "2331"]
[PlyCount "100"]
[EventDate "2006.05.21"]
[EventType "team"]
[EventRounds "13"]
[EventCountry "AUT"]
[WhiteTeam "Israel"]
[BlackTeam "Peru"]

1.e4 e6 2.d4 d5 3.Nc3 Bb4 4.e5 c5 5.a3 Bxc3+ 6.bxc3 Qc7 7.Qg4 f5 8.Qh5+ g6 9.Qd1
Bd7 10.Nf3 Ba4 11.c4 Ne7 12.cxd5 Nxd5 13.Bc4 Bc6 14.O-O Nd7 15.Ng5 Ke7 16.dxc5
h6 17.Nxe6 Kxe6 18.Qd4 Rad8 19.Re1 Nf8 20.Bb2 Rd7 21.Rad1 Qd8 22.Bb3 Rhh7 23.c4
Nc7 24.Qe3 Rxd1 25.Rxd1 Qg5 26.Qh3 Qg4 27.Rd6+ Ke7 28.Qxg4 fxg4 29.Bd1 h5 30.Bc1
Nce6 31.Bc2 Rg7 32.Bh6 Rg8 33.f4 gxf3 34.gxf3 Bxf3 35.Ba4 Bc6 36.Bxc6 bxc6
37.Rxc6 Nd7 38.Ra6 g5 39.Rxa7 Nexc5 40.h4 gxh4+ 41.Kh2 Rg4 42.a4 Ke6 43.Be3 Nd3
44.Ra6+ Kxe5 45.c5 Ke4 46.c6 N7e5 47.Ba7 Nf3+ 48.Kh1 h3 49.c7 h2 50.Re6+ Nde5

[Event "37Chess Olympiad 2006 general"]
[Site "Turin, Italia"]
[Date "2006.05.23"]
[Round "3"]
[Board "3"]
[White "Goh, Koon Jong Jason"]
[Black "Leitao, Rafael"]
[Result "0-1"]
[WhiteElo "2386"]
[BlackElo "2575"]
[PlyCount "44"]
[EventDate "2006.05.21"]
[EventType "team"]
[EventRounds "13"]
[EventCountry "AUT"]
[WhiteTeam "Singapore"]
[BlackTeam "Brazil"]

1.d4 Nf6 2.c4 e6 3.Nc3 Bb4 4.e3 b6 5.Nge2 Ba6 6.Qa4 c5 7.a3 Bxc3+ 8.Nxc3 O-O
9.dxc5 bxc5 10.Be2 d5 11.O-O Bb7 12.Rd1 Nbd7 13.b4 cxb4 14.Qxb4 Rb8 15.cxd5 Bxd5
16.Qd4 Bb3 17.Rd2 Qa5 18.Bb2 e5 19.Qd6 Be6 20.Rc1 Rb6 21.Qc7 Rfb8 22.Rcc2 Ne8

[Event "37Chess Olympiad 2006 general"]
[Site "Turin, Italia"]
[Date "2006.05.23"]
[Round "3"]
[Board "1"]
[White "Adly, Ahmed"]
[Black "Kurajica, Bojan"]
[Result "1-0"]
[WhiteElo "2448"]
[BlackElo "2548"]
[PlyCount "91"]
[EventDate "2006.05.21"]
[EventType "team"]
[EventRounds "13"]
[EventCountry "AUT"]
[WhiteTeam "Egypt"]
[BlackTeam "Bosnia Herzegovina"]

1.d4 Nf6 2.c4 e6 3.Nc3 Bb4 4.e3 d5 5.cxd5 exd5 6.Bd3 O-O 7.Nge2 Re8 8.O-O Bf8
9.f3 c5 10.Qe1 Nc6 11.Qh4 g6 12.Rd1 Be6 13.Bd2 Nd7 14.Qf2 Bg7 15.Rac1 cxd4
16.exd4 Nb6 17.b3 Qf6 18.Nb5 Qe7 19.Bf4 Bf5 20.Bd6 Qe3 21.Bf4 Qxf2+ 22.Kxf2 Bxd3
23.Rxd3 Re7 24.Bd6 Rd7 25.Bc5 Nc8 26.Re3 Rd8 27.Nc7 Rb8 28.Nxd5 Nd6 29.Ne7+ Nxe7
30.Bxd6 Rxd6 31.Rxe7 Bf6 32.Re4 Rbd8 33.Rc7 Ra6 34.a4 Rb6 35.Re3 Rb4 36.Rd3 a6
37.Ke3 Re8+ 38.Kd2 Bd8 39.Rc4 Rb6 40.d5 Bg5+ 41.Kd1 Rd8 42.f4 Be7 43.g4 Bd6
44.Ng3 Bb8 45.Ke2 Kf8 46.Kf3

[Event "37Chess Olympiad 2006 general"]
[Site "Turin, Italia"]
[Date "2006.05.23"]
[Round "3"]
[Board "3"]
[White "Slovineanu, Viacheslav"]
[Black "Barria, Daniel"]
[Result "1-0"]
[WhiteElo "2402"]
[BlackElo "2428"]
[PlyCount "57"]
[EventDate "2006.05.21"]
[EventType "team"]
[EventRounds "13"]
[EventCountry "AUT"]
[WhiteTeam "Moldova"]
[BlackTeam "Chile"]

1.e4 e6 2.d4 d5 3.Nc3 Bb4 4.exd5 exd5 5.Bd3 Nc6 6.a3 Ba5 7.Be3 Nf6 8.Nge2 O-O
9.h3 h6 10.O-O Re8 11.Ng3 Bxc3 12.bxc3 Ne4 13.Qh5 Qd6 14.Nxe4 dxe4 15.Bc4 Be6
16.d5 Qe5 17.Qd1 Qxc3 18.Bb3 Red8 19.Bd2 Qd4 20.dxe6 Qxd2 21.exf7+ Kf8 22.Qg4
Nd4 23.Rfd1 Qa5 24.Qxe4 Nxb3 25.cxb3 c6 26.Re1 Qc7 27.Re3 Qd7 28.Rae1 Kxf7
29.Qh7

[Event "37Chess Olympiad 2006 general"]
[Site "Turin, Italia"]
[Date "2006.05.23"]
[Round "3"]
[Board "4"]
[White "Arancibia, Eduardo"]
[Black "Soltanici, Ruslan"]
[Result "0-1"]
[WhiteElo "2409"]
[BlackElo "2323"]
[PlyCount "86"]
[EventDate "2006.05.21"]
[EventType "team"]
[EventRounds "13"]
[EventCountry "AUT"]
[WhiteTeam "Chile"]
[BlackTeam "Moldova"]

1.e4 c5 2.Nf3 d6 3.Bb5+ Nd7 4.O-O Ngf6 5.Re1 a6 6.Bf1 b6 7.c4 Bb7 8.Nc3 Ne5 9.d3
e6 10.Nxe5 dxe5 11.a3 Be7 12.b4 O-O 13.Rb1 Nd7 14.Be3 Qc7 15.Qb3 Rab8 16.Qa2
Rfc8 17.Rec1 Qd8 18.Rb3 Ba8 19.Rcb1 h6 20.f3 cxb4 21.axb4 a5 22.bxa5 bxa5
23.Rxb8 Rxb8 24.Rxb8 Nxb8 25.Qa1 Nc6 26.Nb5 Qf8 27.Qc1 Bc5 28.Kf2 Qe7 29.g3 a4
30.Be2 Nd4 31.Bd1 a3 32.Nc3 Nc6 33.Na2 Qa7 34.Bxc5 Qxc5+ 35.Qe3 Nd4 36.Kf1 Qb6
37.Qc1 Qc5 38.Qb1 Nc6 39.Qb5 Qe3 40.c5 Qd2 41.Qa4 Qxa2 42.Qxa8+ Kh7 43.Qxc6 Qb1

[Event "37Chess Olympiad 2006 general"]
[Site "Turin, Italia"]
[Date "2006.05.23"]
[Round "3"]
[Board "1"]
[White "Gonzalez Zamora, Juan Carlos"]
[Black "Amonatov, Farrukh"]
[Result "1/2-1/2"]
[WhiteElo "2521"]
[BlackElo "2569"]
[PlyCount "86"]
[EventDate "2006.05.21"]
[EventType "team"]
[EventRounds "13"]
[EventCountry "AUT"]
[WhiteTeam "Mexico"]
[BlackTeam "Tajikistan"]

1.d4 d5 2.c4 c6 3.e3 Nf6 4.Nf3 a6 5.b3 Bf5 6.Bd3 Bxd3 7.Qxd3 e6 8.Nbd2 Nbd7
9.O-O Bb4 10.Bb2 O-O 11.Bc3 a5 12.a3 Bd6 13.b4 axb4 14.axb4 Qc7 15.Rfb1 e5
16.dxe5 Nxe5 17.Bxe5 Bxe5 18.Rxa8 Rxa8 19.b5 h6 20.bxc6 bxc6 21.g3 Rd8 22.cxd5
cxd5 23.Kg2 Bd6 24.Nd4 Bf8 25.Qa6 Rb8 26.Rxb8 Qxb8 27.N2b3 Qe5 28.Qc8 Qe4+
29.Nf3 g6 30.Qc6 Ng4 31.Nbd2 Qe6 32.Qa8 Nf6 33.Nd4 Qe8 34.Qa6 Bg7 35.Qb7 Qd7
36.Qxd7 Nxd7 37.Nc6 Kf8 38.Nf3 h5 39.Kf1 Ke8 40.Ke2 Nb6 41.Nfe5 Nd7 42.Nd3 Nb6
43.Nde5 Nd7

[Event "37Chess Olympiad 2006 general"]
[Site "Turin, Italia"]
[Date "2006.05.23"]
[Round "3"]
[Board "3"]
[White "Lim, Yee Weng"]
[Black "Borisek, Jure"]
[Result "0-1"]
[WhiteElo "2330"]
[BlackElo "2508"]
[PlyCount "88"]
[EventDate "2006.05.21"]
[EventType "team"]
[EventRounds "13"]
[EventCountry "AUT"]
[WhiteTeam "Malaysia"]
[BlackTeam "Slovenia"]

1.e4 e5 2.Bc4 Nf6 3.d3 Nc6 4.Nc3 Bb4 5.Nge2 d5 6.exd5 Nxd5 7.O-O Be6 8.Bxd5 Bxd5
9.f4 O-O 10.f5 Bxc3 11.bxc3 f6 12.Ng3 b5 13.Qg4 Kh8 14.a4 a6 15.Be3 Qd7 16.Rfb1
Rab8 17.axb5 axb5 18.Qe2 Rfd8 19.Bc5 Ne7 20.Qf2 Bc6 21.Rb4 Nd5 22.Rg4 Ra8 23.Rf1
Nf4 24.Rxf4 exf4 25.Qxf4 Ra2 26.Qf2 Rda8 27.h4 Ra1 28.h5 Rxf1+ 29.Qxf1 Qd5
30.Bd4 h6 31.Ne4 Qf7 32.Ng3 Kh7 33.Qe2 Qe8 34.Qd1 Ra2 35.Kh2 Bb7 36.Kh3 Qa8
37.Qe2 Qd8 38.Ne4 Bxe4 39.dxe4 Qe7 40.Qd3 c5 41.Bf2 Ra4 42.Qxb5 Qxe4 43.Kh2 Ra2
44.Qb3 Rxc2

[Event "37Chess Olympiad 2006 general"]
[Site "Turin, Italia"]
[Date "2006.05.24"]
[Round "4"]
[Board "4"]
[White "Lo, Kin Mun Dominic"]
[Black "Contin, Daniel"]
[Result "0-1"]
[WhiteElo "2040"]
[BlackElo "2396"]
[PlyCount "82"]
[EventDate "2006.05.21"]
[EventType "team"]
[EventRounds "13"]
[EventCountry "AUT"]
[WhiteTeam "Singapore"]
[BlackTeam "Italy A"]

1.e4 e6 2.d4 d5 3.Nc3 Bb4 4.Bd3 Nc6 5.Nge2 dxe4 6.Bxe4 Nf6 7.Bf3 O-O 8.O-O h6
9.Qd3 Bd6 10.Nb5 e5 11.Nxd6 cxd6 12.Rd1 d5 13.dxe5 Nxe5 14.Qc3 Re8 15.Nd4 Nxf3+
16.Nxf3 Bg4 17.Qd3 Rc8 18.c3 a6 19.Bf4 Re4 20.Bg3 Qe7 21.h3 Bxf3 22.Qxf3 Re8
23.Kh2 Re2 24.b3 Qe4 25.Rd3 Qxf3 26.gxf3 Rc2 27.Kg1 Ree2 28.a4 Nh5 29.Kh2 Nxg3
30.Kxg3 Rxf2 31.Rxd5 Rg2+ 32.Kf4 Rxc3 33.Rd8+ Kh7 34.Rd7 Rf2 35.Rxb7 Rfxf3+
36.Ke4 Rxb3 37.Ra7 Rxh3 38.Rxf7 Ra3 39.Rg1 Rxa4+ 40.Ke5 Rh5+ 41.Ke6 Re4+

[Event "37Chess Olympiad 2006 general"]
[Site "Turin, Italia"]
[Date "2006.05.24"]
[Round "4"]
[Board "1"]
[White "Corke, Anya"]
[Black "Collutiis, Duilio"]
[Result "0-1"]
[WhiteElo "2203"]
[BlackElo "2404"]
[PlyCount "110"]
[EventDate "2006.05.21"]
[EventType "team"]
[EventRounds "13"]
[EventCountry "AUT"]
[WhiteTeam "Hong Kong"]
[BlackTeam "ICSC"]

1.d4 c5 2.d5 Nf6 3.Bg5 Ne4 4.Bf4 Qb6 5.Bc1 g6 6.f3 Nd6 7.e4 Bg7 8.c3 O-O 9.Qe2
Qd8 10.Bf4 e5 11.dxe6 dxe6 12.Qd2 e5 13.Bg5 Qc7 14.Na3 f6 15.O-O-O Nf7 16.Be3
Be6 17.Qf2 Nd7 18.Bb5 Rfc8 19.Ne2 Nb6 20.f4 Bxa2 21.f5 a6 22.Bd3 Bb3 23.Bc2 Bxc2
24.Kxc2 Qc6 25.Ng3 Nd6 26.fxg6 hxg6 27.Bxc5 Nxe4 28.Nxe4 Qxe4+ 29.Rd3 Rd8
30.Rhd1 Rxd3 31.Rxd3 Na4 32.Qe3 Nxc5 33.Qxc5 Qxg2+ 34.Kb3 Qc6 35.Qxc6 bxc6
36.Rd6 Rc8 37.Nc4 g5 38.Na5 Kh7 39.Nxc6 Re8 40.Rd7 f5 41.Ne7 Rf8 42.Nc6 Kg6
43.Ne7+ Kh7 44.Nc6 e4 45.Nd4 Kg6 46.Rxg7+ Kxg7 47.Ne6+ Kg8 48.Nxf8 Kxf8 49.Kc4
e3 50.Kd3 f4 51.b4 Ke7 52.c4 Kd6 53.h3 Ke5 54.Ke2 Ke4 55.c5 f3+

[Event "37Chess Olympiad 2006 general"]
[Site "Turin, Italia"]
[Date "2006.05.25"]
[Round "5"]
[Board "1"]
[White "Jobava, Baadur"]
[Black "Kamsky, Gata"]
[Result "0-1"]
[WhiteElo "2646"]
[BlackElo "2671"]
[PlyCount "114"]
[EventDate "2006.05.21"]
[EventType "team"]
[EventRounds "13"]
[EventCountry "AUT"]
[WhiteTeam "Georgia"]
[BlackTeam "USA"]

1.d4 d5 2.c4 c6 3.Nf3 Nf6 4.Nc3 a6 5.c5 Nbd7 6.Bf4 Nh5 7.Bd2 Nhf6 8.Rc1 g6 9.h3
Qc7 10.g3 Bg7 11.Bg2 O-O 12.Bf4 Qd8 13.O-O Nh5 14.Bd2 f5 15.Na4 e5 16.dxe5 Nxe5
17.Nb6 Rb8 18.Bc3 Nf7 19.e3 Be6 20.Nd4 Qe8 21.b4 Ng5 22.a4 Ne4 23.Ba1 Rf7 24.Re1
Bf8 25.Nb3 h6 26.Be5 Rd8 27.Bd4 Nhf6 28.Na5 Bg7 29.Re2 g5 30.Qe1 Nh5 31.Nb3 Re7
32.Bxg7 Nxg7 33.Nd4 Bf7 34.b5 axb5 35.axb5 Bh5 36.f3 Nf6 37.bxc6 bxc6 38.Qc3 g4
39.fxg4 fxg4 40.h4 Bg6 41.Rf1 Nfh5 42.Ref2 Nxg3 43.Rf8+ Qxf8 44.Rf2 Qf6 45.Rxf6
Rde8 46.Rf8+ Rxf8 47.Qb3 N7f5 48.Bxd5+ cxd5 49.Qxd5+ Kh7 50.Nd7 Rff7 51.h5 Nxh5
52.Nxf5 Rxf5 53.Qd1 Rxe3 54.c6 Rg3+ 55.Kh1 Nf4 56.Nf6+ Rxf6 57.Qe1 Rh3+

[Event "37Chess Olympiad 2006 general"]
[Site "Turin, Italia"]
[Date "2006.05.25"]
[Round "5"]
[Board "3"]
[White "Sermek, Drazen"]
[Black "Seba, Kamel"]
[Result "1-0"]
[WhiteElo "2523"]
[BlackElo "2236"]
[PlyCount "201"]
[EventDate "2006.05.21"]
[EventType "team"]
[EventRounds "13"]
[EventCountry "AUT"]
[WhiteTeam "Slovenia"]
[BlackTeam "Algeria"]

1.e4 e5 2.Nf3 Nc6 3.Bc4 Bc5 4.c3 Nf6 5.d3 d6 6.Nbd2 a6 7.Bb3 O-O 8.Nf1 Be6 9.Ng3
d5 10.Bg5 Be7 11.Qe2 h6 12.Bxf6 Bxf6 13.O-O g6 14.Rfd1 Re8 15.Nf1 Ne7 16.d4 exd4
17.Nxd4 Bxd4 18.Rxd4 Nc6 19.Rd2 Qh4 20.Ng3 dxe4 21.Qxe4 Qg5 22.Re2 Bxb3 23.Qxe8+
Rxe8 24.Rxe8+ Kg7 25.axb3 Qb5 26.Re2 Qxb3 27.Nf1 a5 28.Ne3 Qb5 29.Rd2 Ne7 30.h3
h5 31.c4 Qb4 32.Rd7 Qc5 33.Re1 Ng8 34.Nd5 Qxc4 35.Nxc7 Nf6 36.Ne6+ Kg8 37.Rc7
Qd5 38.Rc8+ Kh7 39.Rc5 Qd6 40.Ng5+ Kg7 41.Rxa5 Nh7 42.Nxh7 Kxh7 43.Rb5 b6 44.h4
Kg7 45.g3 Qc6 46.Rb4 Qc5 47.Rf4 Qd6 48.Re3 Kg8 49.Ref3 f5 50.Kh2 Kg7 51.Re3 Kh6
52.Rff3 Qd4 53.b3 b5 54.Rd3 Qc5 55.Rf4 Qc2 56.Rd6 Qc5 57.Rdd4 Qc2 58.b4 Qe2
59.Rd7 Qe6 60.Rfd4 f4 61.gxf4 Qg4 62.Rc7 Qxh4+ 63.Kg1 Qg4+ 64.Kf1 h4 65.Rc3 Qf5
66.Re3 Qf6 67.Rde4 Qf5 68.Kg2 Qg4+ 69.Kh2 Qf5 70.Rd4 Qf6 71.Re5 Qb6 72.Red5 Qe6
73.f5 Qe2 74.Rxh4+ Kg5 75.Kg3 gxf5 76.Rf4 Kg6 77.Rdxf5 Qf1 78.Rf6+ Kg7 79.Kh2
Qd3 80.R6f5 Kg6 81.Kg2 Qc3 82.Rf8 Kg7 83.Rf3 Qc6 84.R8f4 Qd5 85.Rg4+ Kh6 86.Rgg3
Qe4 87.Kh2 Qxb4 88.Rg2 Qd6+ 89.Rfg3 Kh5 90.Kh1 Qd1+ 91.Rg1 Qd5+ 92.f3 Kh4
93.Rg4+ Kh5 94.Kg2 Qd2+ 95.Kh3 Qf2 96.Rg5+ Kh6 97.Rg6+ Kh7 98.R1g3 Qf1+ 99.Kh4
Qb1 100.R6g5 Qh1+ 101.Rh3

[Event "37Chess Olympiad 2006 general"]
[Site "Turin, Italia"]
[Date "2006.05.25"]
[Round "5"]
[Board "2"]
[White "Hassan, Abdullah"]
[Black "Megaranto, Susanto"]
[Result "0-1"]
[WhiteElo "2368"]
[BlackElo "2524"]
[PlyCount "106"]
[EventDate "2006.05.21"]
[EventType "team"]
[EventRounds "13"]
[EventCountry "AUT"]
[WhiteTeam "UAE"]
[BlackTeam "Indonesia"]

1.d4 Nf6 2.Nf3 c5 3.d5 e6 4.Nc3 d6 5.e4 a6 6.dxe6 Bxe6 7.e5 dxe5 8.Qxd8+ Kxd8
9.Nxe5 Bd6 10.Nc4 Bc7 11.Bg5 Nbd7 12.O-O-O b5 13.Ne3 Kc8 14.Be2 h6 15.Bh4 Bf4
16.Bg3 Bxg3 17.hxg3 Rd8 18.a4 c4 19.Ncd5 Ne4 20.Rhf1 Rb8 21.a5 Ndc5 22.Bf3 Ng5
23.Be2 Kb7 24.f4 Nge4 25.Bf3 f5 26.Rd4 Rd6 27.Rfd1 Rbd8 28.g4 Bxd5 29.Nxd5 Ne6
30.gxf5 Nxd4 31.Rxd4 Nc5 32.g4 Kb8 33.Kd2 Nd7 34.Kc3 Nf6 35.Nb4 Kc7 36.Rxd6 Rxd6
37.g5 hxg5 38.fxg5 Nh7 39.Nd5+ Kd8 40.g6 Nf6 41.Kd4 Nd7 42.Ke4 Ke8 43.Nc7+ Kf8
44.Ne6+ Kg8 45.Kf4 Rd2 46.Bc6 Nf6 47.Nc7 Rxc2 48.Nxa6 Rxb2 49.Nc5 c3 50.a6 c2
51.Nd3 Ra2 52.Bxb5 Ra1 53.Ke5 Ra5